[Event "18th Vienna Open 2013"]
[Site "Vienna AUT"]
[Date "2013.08.18"]
[Round "2.18"]
[White "Kizilkaya,M"]
[Black "Drozdowski,K"]
[Result "1/2-1/2"]
[WhiteElo "2194"]
[BlackElo "2437"]

1.e4 c5 2.Nf3 e6 3.d4 cxd4 4.Nxd4 a6 5.Bd3 Nf6 6.Nc3 d6 7.a4 g6 8.O-O Bg7
9.a5 O-O 10.Nb3 Nc6 11.Bd2 d5 12.Qc1 Re8 13.Re1 d4 14.Na4 Nd7 15.f4 e5 16.f5 Nf6
17.Nb6 Rb8 18.Nxc8 Rxc8 19.Rf1 Qd6 20.Qe1 Ne7 21.fxg6 hxg6 22.Qh4 Nh5 23.Bg5 Rc7
24.Rf3 Nc6 25.Raf1 Nd8 26.g4 Nf4 27.Bxf4 exf4 28.Rxf4 Re5 29.R4f3 Ne6 30.Nd2 Qb4
31.R3f2 Rxa5 32.b3 g5 33.Qg3 Be5 34.Qf3 Qe7 35.Nc4 Rac5 36.Nb6 Nf4 37.Bc4 R5c6
38.Nd5 Qd8 39.h4 b5 40.Nxc7 Qxc7 41.Bd3 gxh4 42.Kh1 Rg6 43.Rg1 Rg5 44.Bf1 Ng6
45.Qd1 Nf4 46.Qd2 Rg6 47.g5 Nh5 48.Rg4 Ng3+ 49.Kg1 d3 50.Bxd3 Bd4 51.Qf4 Qxf4
52.Rxf4 Rxg5 53.Kh2 Bxf2 54.Rxf2 a5 55.Kh3 Re5 56.Rf4 Nh5 57.Rxh4 a4 58.bxa4 bxa4
59.Kg4 a3 60.Rh1 Ra5 61.Ra1 Ng7 62.Kf3 Ne6 63.Ke3 Kg7 64.Kd2 Nc5 65.Kc3 Ra4
66.e5 a2 67.Bc4 Ne4+ 68.Kd3 Nc5+ 69.Kd4 Ne6+ 70.Kc3 Ra5 71.Rxa2  1/2-1/2

[Event "4th Royal Residence Cup"]
[Site "Zhovkva UKR"]
[Date "2013.08.18"]
[Round "4.4"]
[White "Doluhanova,E"]
[Black "Vetoshko,V"]
[Result "0-1"]
[WhiteElo "2296"]
[BlackElo "2313"]

1.e4 c5 2.Nf3 e6 3.d4 cxd4 4.Nxd4 a6 5.Bd3 Bc5 6.Nb3 Ba7 7.O-O Nc6 8.Qe2 d6
9.Be3 Nf6 10.Nc3 b5 11.Rad1 O-O 12.h3 Qc7 13.Bg5 Nd7 14.a3 Nce5 15.Kh1 Nb6
16.Qh5 Nbc4 17.Bxc4 bxc4 18.Nd2 f6 19.Bf4 Rb8 20.Rb1 Bb7 21.Bxe5 fxe5 22.Qe2 d5
23.Nd1 Rf4 24.Ne3 Rbf8 25.f3 Ba8 26.exd5 exd5 27.Ng4 Bb8 28.g3 R4f7 29.Kh2 h5
30.Ne3 h4 31.Qg2 Qc5 32.Ng4 e4 33.f4 hxg3+ 34.Qxg3 Rxf4  0-1

[Event "Caissa GM Aug 2013"]
[Site "Kecskemet HUN"]
[Date "2013.08.19"]
[Round "4.1"]
[White "Groszpeter,A"]
[Black "Jia,H"]
[Result "1/2-1/2"]
[WhiteElo "2469"]
[BlackElo "2363"]

1.e4 c5 2.Nf3 e6 3.d4 cxd4 4.Nxd4 a6 5.Bd3 d5 6.exd5 Qxd5 7.O-O Nd7 8.Be3 Bc5
9.Nc3 Qe5 10.Nf3 Qc7 11.Qd2 Bxe3 12.Qxe3 Ngf6 13.Rfe1 O-O 14.Ne5 Nxe5 15.Qxe5 Qxe5
16.Rxe5 Bd7 17.Rd1 Rfd8 18.Re2 Bc6  1/2-1/2

[Event "Brasschaat Open 2013"]
[Site "Brasschaat BEL"]
[Date "2013.08.21"]
[Round "5.12"]
[White "Sadikhov,U"]
[Black "Wijgers,T"]
[Result "1-0"]
[WhiteElo "2233"]
[BlackElo "1944"]

1.e4 c5 2.Nf3 e6 3.d4 cxd4 4.Nxd4 a6 5.Bd3 Nf6 6.Qe2 d6 7.O-O Be7 8.c4 O-O
9.Nc3 b6 10.Be3 Bb7 11.f4 Nbd7 12.Bc2 Re8 13.Rac1 Qc7 14.Bb1 Rac8 15.b3 Bf8
16.Nf3 Qb8 17.Bf2 d5 18.e5 Ng4 19.Bxh7+ Kxh7 20.Ng5+ Kg8 21.Qxg4 Ba3 22.Qh5 Bxc1
23.Qxf7+ Kh8 24.Qh5+ Kg8 25.Qh7+ Kf8 26.Bh4 Be3+ 27.Kh1 Rc6 28.cxd5 Rxc3
29.Qh8+ Ke7 30.Nxe6+ Kf7 31.Qxg7+  1-0

[Event "TCh-POR Div1 Final 2013"]
[Site "Matosinhos POR"]
[Date "2013.08.22"]
[Round "6.1"]
[White "Pires,G"]
[Black "Dias,P"]
[Result "0-1"]
[WhiteElo "2145"]
[BlackElo "2427"]

1.e4 c5 2.Nf3 e6 3.d4 cxd4 4.Nxd4 a6 5.Bd3 Nc6 6.Nxc6 dxc6 7.O-O e5 8.Qe2 Bc5
9.Nd2 Ne7 10.Nb3 Bd6 11.Be3 Ng6 12.Rfd1 Qe7 13.a4 O-O 14.a5 Nf4 15.Qd2 Bg4
16.f3 Be6 17.c4 Bb4 18.Qc2 Nxd3 19.Rxd3 Rad8 20.Rad1 Rxd3 21.Rxd3 Rd8 22.Bb6 Rxd3
23.Qxd3 h5 24.g3 Kh7 25.Kg2 f6 26.Na1 Bc5 27.Bd8 Qf8 28.Nc2 Bd4 29.Bb6 Bxb6
30.axb6 Qc5 31.b3 Qxb6 32.Ne3 Qa5 33.Nf5 Qa2+ 34.Kg1 Qa1+ 35.Kg2 Qb2+ 36.Kh1 Qf2
37.f4 Bxf5 38.exf5 e4 39.Qd1 Kh6  0-1

[Event "12th Lichtenberger Sommer"]
[Site "Berlin GER"]
[Date "2013.08.24"]
[Round "8.39"]
[White "Baranowsky,P"]
[Black "Kornrumpf,J"]
[Result "0-1"]
[WhiteElo "1967"]
[BlackElo "2084"]

1.e4 c5 2.Nf3 e6 3.d4 cxd4 4.Nxd4 a6 5.Bd3 Nf6 6.c4 Qc7 7.O-O d6 8.Nc3 Nbd7
9.f4 Nc5 10.Bc2 Be7 11.Qf3 g6 12.Be3 b6 13.b4 Ncd7 14.e5 Bb7 15.Ne4 Nxe4
16.Bxe4 Bxe4 17.Qxe4 Rc8 18.exd6 Qxd6 19.Qb7 O-O 20.Rfd1 Qc7 21.Qxa6 Qxc4
22.Qxc4 Rxc4 23.Nf3 Nf6 24.Bxb6 Rxb4 25.Be3 Nd5 26.Bd4 Nxf4 27.Kf2 Ra8 28.g3 Nd5
29.Rd3 Rba4 30.Rb3 f6 31.Nd2 Rxd4  0-1

[Event "Caissa IM Aug 2013"]
[Site "Kecskemet HUN"]
[Date "2013.08.25"]
[Round "13.1"]
[White "Somborski,N"]
[Black "Sean,W"]
[Result "0-1"]
[WhiteElo "2339"]
[BlackElo "2287"]

1.e4 c5 2.Nf3 e6 3.d4 cxd4 4.Nxd4 a6 5.Bd3 Qc7 6.O-O Nf6 7.Qe2 d6 8.c4 Be7
9.Nc3 Nbd7 10.f4 b6 11.Bd2 g6 12.Rac1 Bb7 13.b4 Rc8 14.f5 gxf5 15.exf5 e5
16.Nd5 Qb8 17.Nxe7 Kxe7 18.Nf3 Rhg8 19.Rcd1 Qc7 20.Be1 Rg7 21.Bh4 Rcg8 22.Rf2 Kf8
23.c5 bxc5 24.Bxa6 Ne4 25.bxc5 Nxf2 26.cxd6 Rxg2+  0-1

[Event "20th Graz Open 2013"]
[Site "Graz AUT"]
[Date "2013.08.26"]
[Round "3.6"]
[White "Horvath,Re"]
[Black "Wegerer,F"]
[Result "0-1"]
[WhiteElo "2062"]
[BlackElo "2197"]

1.e4 c5 2.Nf3 e6 3.d4 cxd4 4.Nxd4 a6 5.Bd3 Qc7 6.O-O Nf6 7.Qe2 d6 8.c4 Nbd7
9.b3 Be7 10.Bb2 Ne5 11.Bc2 g5 12.Nd2 Ng6 13.g3 Rg8 14.N2f3 Nd7 15.Rae1 Nde5
16.Nxe5 dxe5 17.Nf3 Bd7 18.Rd1 h5 19.Qd2 f6 20.Bc3 Rd8 21.Ba5 b6 22.Bb4 Bc6
23.Qc3 Bc5 24.Rxd8+ Qxd8 25.Bxc5 bxc5 26.Rd1 Qb6 27.Qd2 Kf7 28.Qd6 Rc8 29.Ne1 Qa5
30.Bb1 Be8 31.Qd2 Qb6 32.Nd3 a5 33.Nc1 Ne7 34.h4 gxh4 35.Qh6 hxg3 36.Qxh5+ Kg7
37.Qg4+ Ng6 38.Qxg3 Rd8 39.Rxd8 Qxd8 40.Nd3 Qd4 41.Qe3 Qa1 42.Qe1 Nf4 43.Nxf4 exf4
44.Kh2 Bg6 45.Qxa5 Qxb1 46.Qc7+ Bf7 47.Qxf4 Qd1 48.Qg3+ Kh7 49.Qc7 Qh5+ 50.Kg3 Kg7
51.Kg2 e5 52.Qxc5 Qg4+ 53.Kf1 Qxe4 54.Qa7 f5 55.Qe7 Kg6 56.Qd6+ Kh5 57.Qd1+ Kg5
58.Qd8+ Kg4 59.Qd1+ Kh3 60.f3 Qe3 61.a4 Bh5 62.Qe2 Qxe2+ 63.Kxe2 Kg2 64.b4 e4
65.Ke3 exf3  0-1

[Event "11th Kesan Open"]
[Site "Edirne TUR"]
[Date "2013.08.27"]
[Round "2.13"]
[White "Tutisani,Noe"]
[Black "Romi,I"]
[Result "1-0"]
[WhiteElo "2029"]
[BlackElo "2023"]

1.e4 c5 2.Nf3 e6 3.d4 cxd4 4.Nxd4 a6 5.Bd3 Qc7 6.O-O Nc6 7.Nb3 Nf6 8.Nc3 b5
9.Be3 Bb7 10.f4 d6 11.Qf3 Be7 12.Qh3 h5 13.Kh1 Ng4 14.Bg1 Bf6 15.Rad1 Bxc3
16.bxc3 O-O-O 17.a4 b4 18.a5 Qe7 19.cxb4 Nxb4 20.Be2 Kb8 21.Qc3 Nc6 22.Nd4 Qc7
23.Rb1 Nxa5 24.Qxa5 Qxa5 25.Nc6+ Ka8 26.Nxa5 Bxe4 27.Bxa6 Rb8 28.Nc4 Rxb1
29.Rxb1 Bxc2 30.Rb7  1-0

[Event "20th Graz Open 2013"]
[Site "Graz AUT"]
[Date "2013.08.29"]
[Round "6.4"]
[White "Wertjanz,Dav"]
[Black "Wiedner,R"]
[Result "1/2-1/2"]
[WhiteElo "2268"]
[BlackElo "2152"]

1.e4 c5 2.Nf3 e6 3.d4 cxd4 4.Nxd4 a6 5.Bd3 Nc6 6.Nxc6 bxc6 7.O-O Qc7 8.c4 Nf6
9.Nc3 Bb7 10.Qe2 Bd6 11.f4 e5 12.f5 Bc5+ 13.Be3 Qb6 14.Bxc5 Qxc5+ 15.Kh1 h5
16.Na4 Qa5 17.Bc2 c5 18.Qe3 d6 19.Rad1 Ke7 20.Nc3 Bc6 21.Rd2 h4 22.Rfd1 Rad8
23.a3 Rd7 24.Qg5 Rh7 25.Rd3 Rd8 26.Rh3 Rb8 27.Qd2 Qc7 28.b4 cxb4 29.axb4 Rxb4
30.Rd3 Rxc4 31.Rxd6 h3 32.Rxc6 Rxc6 33.Nd5+ Nxd5 34.exd5 Rxc2 35.d6+ Kd7
36.dxc7+ Rxd2 37.Rxd2+ Kxc7 38.Rc2+ Kd7 39.g4 Rh4 40.Rc4 Kd6 41.Ra4 Kd5 42.f6 gxf6
43.Rxa6 f5 44.Rf6 fxg4 45.Rxf7 Ke4 46.Rg7 Ke3 47.Rxg4  1/2-1/2

[Event "US Masters 2013"]
[Site "Greensboro USA"]
[Date "2013.08.29"]
[Round "1.16"]
[White "Chiang,J"]
[Black "Kekelidze,M"]
[Result "1-0"]
[WhiteElo "2165"]
[BlackElo "2470"]

1.e4 c5 2.Nf3 e6 3.d4 cxd4 4.Nxd4 a6 5.Bd3 Qb6 6.Be3 Nf6 7.Nd2 d5 8.O-O Nbd7
9.Re1 Bc5 10.N2b3 Qc7 11.e5 Nxe5 12.Nxc5 Neg4 13.Qf3 Qxh2+ 14.Kf1 Qc7 15.Qg3 Qxc5
16.Nf5 Nxe3+ 17.Rxe3 g6 18.Qe5 gxf5 19.Qxf6 Rg8 20.Bxf5 Qe7 21.Qd4 Bd7 22.Bxh7 Rg5
23.Bd3 Bc6 24.Rae1 O-O-O 25.Qh4 Rdg8 26.f4 Qf6 27.Rg3 Rxg3 28.Qxf6 Rxg2 29.Re2 Rg1+
30.Kf2 d4 31.Qxd4 Rd1 32.Qe5 Bd5 33.Be4  1-0

[Event "TCh-SRB 1st League 2013"]
[Site "Kragujevac SRB"]
[Date "2013.09.01"]
[Round "9.3"]
[White "Mastrovasilis,D"]
[Black "Markus,Rob"]
[Result "1/2-1/2"]
[WhiteElo "2595"]
[BlackElo "2622"]

1.e4 c5 2.Nf3 e6 3.d4 cxd4 4.Nxd4 a6 5.Bd3 Bc5 6.Nb3 Be7 7.Qg4 g6 8.Qe2 d6
9.O-O Nd7 10.Na3 Ne5 11.Nc4 Nxc4 12.Bxc4 Qc7 13.Rd1 Bd7 14.h3 Rc8 15.Bd3 h5
16.c4 Nf6 17.Bg5 Ba4 18.Rac1 Nd7 19.Bf4 Ne5 20.Qe3 O-O 21.Be2 b6 22.Rd2 Bxb3
23.Qxb3 b5 24.Rdc2 bxc4 25.Bxc4 Nxc4 26.Rxc4 Qd7 27.Bh6 Rxc4 28.Rxc4 Ra8
29.Qc3 Bf8 30.Rc7 Qe8 31.Bxf8 Qxf8 32.Qf6 a5 33.Rd7 Rc8 34.g3 Qg7 35.Qxg7+ Kxg7
36.Rxd6 Rc4 37.Ra6 a4 38.e5 g5 39.a3 Kg6 40.Kg2 g4 41.hxg4 hxg4 42.Ra7 Kg7
43.Kf1 Re4 44.Rc7 Kg6 45.Rb7 Rc4 46.Ke2 Rc2+ 47.Ke3 Kg5 48.Rxf7 Rxb2 49.Ke4 Re2+
50.Kd4 Ra2 51.f4+ gxf3 52.Rxf3 Kg4 53.Rf6 Rxa3 54.Rxe6 Ra1 55.Rg6+ Kf5 56.Rf6+ Kg5
57.Ra6 a3 58.Kd5 a2 59.Ke6 Kg4 60.Ra3 Kh3 61.Ke7 Re1 62.Rxa2 Rxe5+ 63.Kf6  1/2-1/2

[Event "12th Kesarovski Mem"]
[Site "Sunny Beach BUL"]
[Date "2013.09.01"]
[Round "2.10"]
[White "Adair,J"]
[Black "Chekhov,S"]
[Result "1-0"]
[WhiteElo "2363"]
[BlackElo "2462"]

1.e4 c5 2.Nf3 e6 3.d4 cxd4 4.Nxd4 a6 5.Bd3 Bc5 6.Nb3 Ba7 7.Qg4 Nf6 8.Qg3 d6
9.Nc3 Nc6 10.Bg5 h6 11.Bd2 g5 12.O-O-O Ne5 13.Be2 g4 14.f4 gxf3 15.gxf3 Rg8
16.Qh4 b5 17.a3 Nc4 18.Bxc4 bxc4 19.Na5 Rg6 20.Nxc4 Qc7 21.e5 dxe5 22.Ne4 Nxe4
23.Qxe4 Bd4 24.Qxa8 Qxc4 25.Kb1 f5 26.f4 exf4 27.b3 Qc7 28.Ba5 Qd7 29.Rxd4 Qxd4
30.Qxc8+ Kf7 31.Bc3 Qa7 32.Qh8  1-0

[Event "21st Honor to National Resistance"]
[Site "Nikaia GRE"]
[Date "2013.09.02"]
[Round "9.3"]
[White "Goumas,G"]
[Black "Grigoriadis,A"]
[Result "1-0"]
[WhiteElo "2380"]
[BlackElo "2296"]

1.e4 c5 2.Nf3 e6 3.d4 cxd4 4.Nxd4 a6 5.Bd3 d6 6.O-O Nf6 7.f4 Nbd7 8.Kh1 b6
9.Qe2 Nc5 10.b4 Nxd3 11.cxd3 Bb7 12.Bb2 Be7 13.Nd2 O-O 14.Rf3 g6 15.Rg3 Ne8
16.f5 Ng7 17.fxe6 fxe6 18.Qg4 Qd7 19.Nc4 Bd8 20.Nf3 b5 21.Ne3 Rf7 22.Qh3 e5
23.Ng4 Kh8 24.Ngxe5 dxe5 25.Nxe5 Qxh3 26.Nxf7+ Kg8 27.Rxh3  1-0

[Event "TCh-SRB 1st League w 2013"]
[Site "Kragujevac SRB"]
[Date "2013.09.03"]
[Round "11.1"]
[White "Gaponenko,I"]
[Black "Zarkovic,M"]
[Result "1-0"]
[WhiteElo "2390"]
[BlackElo "2079"]

1.e4 c5 2.Nf3 e6 3.d4 cxd4 4.Nxd4 a6 5.Bd3 d6 6.O-O Nf6 7.c4 Be7 8.Nc3 O-O
9.Be3 Qc7 10.f4 Nbd7 11.g4 b6 12.g5 Ne8 13.Qh5 g6 14.Qh6 Nc5 15.Bc2 Bb7 16.b4 Nd7
17.Rf3 f5 18.Nxe6 Qxc4 19.Bb3 Qxc3 20.Rc1 Qxb4 21.Nxf8+ d5 22.Nxd7 Qxe4 23.Rh3  1-0

[Event "74th ch-ARM 1st League"]
[Site "Yerevan ARM"]
[Date "2013.09.03"]
[Round "13.4"]
[White "Vardanian,HaiG"]
[Black "Hayrapetyan,Ho"]
[Result "1-0"]
[WhiteElo "2339"]
[BlackElo "2486"]

1.e4 c5 2.Nf3 e6 3.d4 cxd4 4.Nxd4 a6 5.Bd3 Nc6 6.Nxc6 dxc6 7.Nd2 Qc7 8.b3 e5
9.Bb2 Be6 10.Qh5 Bd6 11.f4 g6 12.Qh4 f6 13.Bc4 Bxc4 14.Nxc4 Bb4+ 15.Ke2 exf4
16.Rhd1 g5 17.Qh3 b5 18.Qe6+ Ne7 19.Nd6+ Bxd6 20.Rxd6 Qc8 21.Rad1 Qxe6 22.Rxe6 Ra7
23.Bxf6 Rg8 24.Rdd6 Rg6 25.e5 Kf7 26.Rxe7+ Rxe7 27.Bxe7 Kxe7 28.Rxg6 hxg6
29.Kf3 Ke6 30.Kg4  1-0

[Event "12th Izmir Open"]
[Site "Izmir TUR"]
[Date "2013.09.04"]
[Round "4.6"]
[White "Neverov,V"]
[Black "Darban,M"]
[Result "1-0"]
[WhiteElo "2501"]
[BlackElo "2358"]

1.d4 e6 2.Nf3 c5 3.e4 cxd4 4.Nxd4 a6 5.Bd3 Nf6 6.O-O Qc7 7.Qe2 d6 8.b3 g6
9.Nd2 Nbd7 10.Ba3 Bg7 11.Rad1 O-O 12.c4 Re8 13.Kh1 b6 14.f4 e5 15.Nc2 exf4
16.Rxf4 Ne5 17.Ne3 Bb7 18.Rdf1 Nfd7 19.Bb1 Nc5 20.R4f2 Re7 21.Bc2 a5 22.Bc1 Rae8
23.h3 Ne6 24.Bb1 Nd4 25.Qd1 Bh6 26.Nd5 Bxd5 27.exd5 Nd7 28.Bb2 Be3 29.Ne4 Rxe4
30.Bxe4 Bxf2 31.Rxf2 Rxe4 32.Bxd4 f5 33.Re2 Nc5 34.Rxe4 Nxe4 35.Qf3 Nc5 36.Qe3 Kf7
37.Qh6 Ke8 38.Bg7 Qf7 39.Qxh7 Kd7 40.Qh8 f4 41.Bf6 Kc7 42.Qd8+ Kb7 43.Qxd6 Ne4
44.Qe7+ Qxe7 45.Bxe7 Nc3 46.a3 Ne4 47.b4 Ng3+ 48.Kg1 Nf5 49.d6 Kc6 50.Kf2 a4
51.Kf3 Nd4+ 52.Kxf4 Nc2 53.b5+ Kd7 54.c5 bxc5 55.b6 Nd4 56.Ke4 Ke6 57.b7 Nc6
58.h4  1-0

[Event "TCh-ROU w 2013"]
[Site "Mamaia ROU"]
[Date "2013.09.04"]
[Round "5.4"]
[White "Nevednicii,Alexandra"]
[Black "Morea,G"]
[Result "1/2-1/2"]
[WhiteElo "1682"]
[BlackElo "1881"]

1.e4 c5 2.Nf3 e6 3.d4 cxd4 4.Nxd4 a6 5.Bd3 Nc6 6.Nxc6 bxc6 7.O-O Nf6 8.Qe2 d5
9.e5 Nd7 10.c4 Qc7 11.Re1 Bb7 12.Nd2 Nc5 13.Bc2 a5 14.b3 Ba6 15.Bb2 Nd7 16.Qg4 Rb8
17.Rac1 dxc4 18.Nxc4 Bxc4 19.Qxc4 Nb6 20.Qg4 Nd5 21.Ba1 g6 22.Qe2 Bh6 23.Rcd1 O-O
24.g3 Qe7 25.Rd4 Rb4 26.Rc4 Qg5 27.Kh1 Rc8 28.Be4 Qd8 29.Qc2 Qd7 30.f4 Bf8
31.Bg2 Rbb8 32.Rd1 Qb7 33.Qc1 Rc7 34.Bc3  1/2-1/2

[Event "Satka Autumn 2013"]
[Site "Satka RUS"]
[Date "2013.09.04"]
[Round "2"]
[White "Bauyrzhan,Arnash"]
[Black "Nasybullina,Alfia"]
[Result "1/2-1/2"]
[WhiteElo "1904"]
[BlackElo "2103"]

1.e4 c5 2.Nf3 e6 3.d4 cxd4 4.Nxd4 a6 5.Bd3 Bc5 6.Nb3 Ba7 7.O-O Nc6 8.Qg4 Nf6
9.Qg3 d6 10.c4 Ne5 11.Nc3 h5 12.Bg5 Bd7 13.Rad1 Qc7 14.Be2 O-O-O 15.Nd4 Bc6
16.Nxc6 Qxc6 17.Rc1 Kb8 18.b4 Nxc4 19.Bxc4 Qxc4 20.e5 h4 21.Qf4 Qxf4 22.Bxf4 Nh5
23.Bg5 f6 24.exf6 Nxf6 25.Ne2 e5 26.Rc4 h3 27.Rfc1 Bb6 28.Ng3 d5 29.R4c2 Rd7
30.gxh3 Rxh3 31.Rc8+ Ka7 32.Kg2 Rh7 33.h3 Nh5 34.Re8 Nxg3 35.Kxg3 Bd4 36.a4 b5
37.a5 Kb7 38.Rcc8 g6 39.Rb8+ Kc6 40.Ra8 Ra7 41.Re6+ Kb7 42.Rd8 Bc3 43.Be7 Bd4
44.Rxd5 Kc8 45.Bc5 Rad7 46.Rc6+ Kd8 47.Bd6 Rhf7 48.f3 Rf5 49.Rxa6 Ke8 50.Rxb5 Kf7
51.Rb8 Kg7 52.Bc5 Rdf7 53.Bxd4 Rxf3+ 54.Kg2 exd4 55.Rd6 Rf2+ 56.Kg1 Rf1+
57.Kg2 R7f2+ 58.Kg3 Rf3+ 59.Kg2 R1f2+  1/2-1/2

[Event "TCh-ROU 2013"]
[Site "Mamaia ROU"]
[Date "2013.09.05"]
[Round "6.6"]
[White "Stancu,Robert-Alexandru"]
[Black "Stegariu,V"]
[Result "0-1"]
[WhiteElo "1759"]
[BlackElo "2171"]

1.e4 c5 2.Nf3 e6 3.d4 cxd4 4.Nxd4 a6 5.Bd3 Qc7 6.O-O Bc5 7.Be3 Nf6 8.Nc3 O-O
9.Qe2 b5 10.a3 Bb7 11.Kh1 Qb6 12.e5 Nd5 13.Nxd5 Bxd5 14.Rad1 Nc6 15.Nxc6 Qxc6
16.f3 Be7 17.f4 f5 18.Rc1 Rac8 19.Rfd1 Kh8 20.Kg1 Rg8 21.a4 g5 22.axb5 Qa8
23.g3 gxf4 24.Bxf4 Bf3 25.Qf2 Rg4 26.Be2 Rxf4 27.gxf4 Bc5  0-1

[Event "ch-POR 2013"]
[Site "Lisbon POR"]
[Date "2013.09.06"]
[Round "5.5"]
[White "Diogo,V"]
[Black "Rocha,S"]
[Result "1-0"]
[WhiteElo "2276"]
[BlackElo "2408"]

1.e4 c5 2.Nf3 e6 3.d4 cxd4 4.Nxd4 a6 5.Bd3 Ne7 6.O-O Nbc6 7.Nxc6 Nxc6 8.Be3 g6
9.Nd2 d6 10.a4 Bg7 11.Nc4 O-O 12.Be2 Rb8 13.Bb6 Qe7 14.Re1 Ne5 15.Qxd6 Qxd6
16.Nxd6 Nd7 17.Bc7 Ra8 18.c3 Nc5 19.Bb6 Nd7 20.Be3 Be5 21.Red1 Nf6 22.Nc4 Bc7
23.f3 Kg7 24.Bd4 Re8 25.f4 h5 26.g3 e5 27.Nxe5 Nxe4 28.Bf3 f5 29.Nc4+ Kh6
30.Nb6 Bxb6 31.Bxb6 Be6 32.Rd4 Rac8 33.Bxe4 fxe4 34.Rxe4 Rc4 35.Bd4 Bf7 36.Rxe8 Bxe8
37.Re1 Rc8 38.Re7 b5 39.a5 b4 40.cxb4 Rc1+ 41.Kf2 Rc2+ 42.Ke1 Bb5 43.h4 Rc6
44.Be3 g5 45.f5  1-0

[Event "TCh-ROU 2013"]
[Site "Mamaia ROU"]
[Date "2013.09.08"]
[Round "9.5"]
[White "Vrencian,Lehel"]
[Black "Ungureanu,V"]
[Result "0-1"]
[WhiteElo "2190"]
[BlackElo "2374"]

1.e4 c5 2.Nf3 e6 3.d4 cxd4 4.Nxd4 a6 5.Bd3 Qc7 6.O-O Nf6 7.Qe2 d6 8.c4 Nc6
9.Be3 Ne5 10.Nc3 Nxd3 11.Qxd3 Be7 12.f3 O-O 13.Rac1 Bd7 14.Rfd1 Rfc8 15.b3 Be8
16.Kh1 Rab8 17.Nde2 h5 18.Bf4 Rd8 19.c5 Qxc5 20.Nd5 Nxd5 21.Rxc5 Nxf4 22.Nxf4 dxc5
23.Qc2 h4 24.Rxd8 Rxd8 25.h3 b5 26.Nd3 c4 27.bxc4 bxc4 28.Qxc4 Bb5 29.Qc7 Rd7
30.Qc8+ Kh7 31.Nf2 Rd2 32.Ng4 Bb4 33.e5 Rxa2 34.Qb7 Ra1+ 35.Kh2 Be1 36.Nf6+ Kh6
37.Ne4 Kg6 38.Qe7 Bd3 39.Qg5+ Kh7 40.Qe3 Bxe4 41.Qxe4+ g6 42.g4 Bg3+ 43.Kg2 Ra2+
44.Kg1 Rf2 45.Qb7 Kg7 46.Qxa6 Rxf3 47.Qe2 Ra3 48.Qb2 Re3 49.Qd4 Rxe5 50.Kg2 Kh6
51.Kf3 Re1 52.Qd7 Kg7 53.Qd4+ e5 54.Qc3 Rh1 55.g5 Rf1+ 56.Ke4 Rf5 57.Kd5 Rxg5
58.Kd6 Rf5 59.Ke7 Rf6 60.Qb2 Re6+ 61.Kd7 Bf4 62.Qf2 Bg5 63.Qg2 Bf6 64.Qe4 Re7+
65.Kd6 Re8 66.Kd7 Rd8+ 67.Kc6 Rd4 68.Qe3 g5 69.Qf3 Kg6 70.Kc5 e4 71.Qe3 Be5
72.Qe2 f6 73.Kc6 Bf4 74.Kc5 Be5 75.Kc6 Kh6 76.Kc5 Kg7 77.Qe3 Rd3 78.Qxe4 Rxh3
79.Kd5 Rc3 80.Ke6 h3 81.Kf5 h2 82.Qg2 Rc7 83.Qf3 Rc5 84.Ke6 Bf4 85.Qb7+ Bc7
86.Qb1 Re5+ 87.Kd7 Ba5  0-1

[Event "Satka Autumn 2013"]
[Site "Satka RUS"]
[Date "2013.09.08"]
[Round "6"]
[White "Andreeva,E"]
[Black "Nasybullina,Alfia"]
[Result "0-1"]
[WhiteElo "1992"]
[BlackElo "2103"]

1.e4 c5 2.Nf3 e6 3.d4 cxd4 4.Nxd4 a6 5.Bd3 Bc5 6.Nb3 Ba7 7.Qg4 Nf6 8.Qg3 d6
9.Nc3 Nc6 10.Bg5 h6 11.Bd2 b5 12.f4 b4 13.Ne2 e5 14.O-O-O O-O 15.f5 Kh7 16.Qh3 a5
17.g4 a4 18.Na1 Nd4 19.Bxb4 Bb7 20.Nc3 Bc5 21.Bxc5 dxc5 22.a3 Qb6 23.g5 Ng8
24.Rhg1 Rfb8 25.g6+ fxg6 26.Rxg6 Bc6 27.Rdg1 Qxb2+ 28.Kd2 Rb7 29.Qg3 Raa7
30.f6 Be8 31.Rxg7+ Rxg7 32.fxg7 Bh5 33.Be2 Nxe2 34.Nxe2 Rd7+ 35.Ke3 Qxa3+
36.c3 Qb2 37.Qe1 Bxe2 38.Qxe2 Qxc3+ 39.Kf2 Rd2  0-1

[Event "Satka Autumn 2013"]
[Site "Satka RUS"]
[Date "2013.09.11"]
[Round "9"]
[White "Ainutdinova,Y"]
[Black "Bauyrzhan,Arnash"]
[Result "1-0"]
[WhiteElo "2098"]
[BlackElo "1904"]

1.e4 c5 2.Nf3 e6 3.d4 cxd4 4.Nxd4 a6 5.Bd3 Nc6 6.Nb3 Nf6 7.f4 h5 8.Nc3 d5
9.Qf3 Bb4 10.Bd2 d4 11.Ne2 Bxd2+ 12.Nxd2 Qa5 13.a3 e5 14.h3 h4 15.fxe5 Qxe5
16.Qf2 Be6 17.O-O-O O-O-O 18.Kb1 Rd7 19.Rhe1 Qa5 20.Nf3 Qb6 21.Nxh4 Rh5 22.Nf5 Bxf5
23.exf5 Nd5 24.c3 dxc3 25.Qxb6 Nxb6 26.Nxc3 Nd4 27.Re8+ Kc7 28.Rf1 Nc8 29.Re3 b5
30.g4 Rh8 31.Rd1 Nb6 32.Bf1 Rhd8 33.Red3 Nc4 34.Ne2 Nxf5 35.Rxd7+ Rxd7 36.Rxd7+ Kxd7
37.gxf5 Nd2+ 38.Kc2 Nxf1 39.Kd3 Kd6 40.Kd4 Nd2 41.Nf4 Nc4 42.Nd3 Ke7 43.a4 Nd6
44.a5 Nc4 45.b4 Kf6 46.Nc5 Kxf5 47.Nxa6 Kg5 48.Nc7 f5 49.Nxb5 f4 50.Kxc4 f3
51.Nc3 Kf4 52.Nd1 Kg3 53.a6 Kxh3 54.a7 g5 55.a8=Q g4 56.Nf2+ Kg3 57.Nxg4 Kxg4
58.b5 Kg3 59.Qxf3+ Kxf3 60.b6  1-0

[Event "TCh-CRO w Liga 2013"]
[Site "Bol CRO"]
[Date "2013.09.14"]
[Round "1.3"]
[White "Hlavac,I"]
[Black "Tomulic,V"]
[Result "1-0"]
[WhiteElo "1911"]
[BlackElo "1854"]

1.e4 c5 2.Nf3 e6 3.d4 cxd4 4.Nxd4 a6 5.Bd3 Qc7 6.O-O Nf6 7.Qe2 Nc6 8.Nxc6 dxc6
9.e5 Nd7 10.Bf4 Nc5 11.Rd1 b5 12.Nc3 Bb7 13.Ne4 Nxe4 14.Bxe4 Be7 15.Qg4 O-O
16.Rd3 Rfd8 17.Bxh7+ Kxh7 18.Qh5+ Kg8 19.Rh3 f5 20.Qg6 Qd7 21.Qh7+ Kf7 22.Qh5+ Kg8
23.Qh7+ Kf7 24.Rd3 Qe8 25.Rg3 Qg8 26.Qg6+ Kf8 27.Bh6 Qf7 28.Qh7 Ke8 29.Rxg7  1-0

[Event "FSGM Sept 2013"]
[Site "Budapest HUN"]
[Date "2013.09.14"]
[Round "6.5"]
[White "Czebe,A"]
[Black "Kislik,E"]
[Result "1/2-1/2"]
[WhiteElo "2492"]
[BlackElo "2368"]

1.e4 c5 2.Nf3 e6 3.d4 cxd4 4.Nxd4 a6 5.Bd3 Bc5 6.Nb3 Ba7 7.Qe2 Nc6 8.Be3 d6
9.O-O Nf6 10.c4 Bxe3 11.Qxe3 b6 12.Nc3 O-O 13.Rfd1 Qc7 14.Rac1 Ne5 15.Be2 Bb7
16.f4 Ng6 17.g3  1/2-1/2

[Event "Slama Mem Schev 2013"]
[Site "Monastir TUN"]
[Date "2013.09.16"]
[Round "1.3"]
[White "Zaibi,A"]
[Black "Taeib,S"]
[Result "1-0"]
[WhiteElo "2227"]
[BlackElo "2117"]

1.e4 c5 2.Nf3 e6 3.d4 cxd4 4.Nxd4 a6 5.Bd3 Qc7 6.O-O Nf6 7.Qe2 Nc6 8.Nxc6 dxc6
9.e5 Nd7 10.f4 Nc5 11.Nd2 Nxd3 12.Qxd3 Be7 13.Ne4 O-O 14.b3 f5 15.exf6 Bxf6
16.Nxf6+ Rxf6 17.Bb2 Rf7 18.Rf3 Qb6+ 19.Kh1 Qb5 20.c4 Qf5 21.Qd8+ Rf8 22.Qd4 Qf6
23.Qd2 Rd8 24.Qa5 Qf8 25.Bxg7 Kxg7 26.Rg3+ Kf7 27.Qh5+ Ke7 28.Qxh7+ Kd6 29.c5+ Kxc5
30.Qc7 Rd5 31.Rc1+ Kb5 32.a4+  1-0

[Event "Dnipropetrovsk A 2013"]
[Site "Dnipropetrovsk UKR"]
[Date "2013.09.18"]
[Round "4.4"]
[White "Doluhanova,E"]
[Black "Kalinina,O"]
[Result "1-0"]
[WhiteElo "2323"]
[BlackElo "2290"]

1.e4 c5 2.Nf3 e6 3.d4 cxd4 4.Nxd4 a6 5.Bd3 Nf6 6.O-O Qc7 7.Qe2 d6 8.c4 Nbd7
9.b3 g6 10.Bb2 Bg7 11.Nc3 O-O 12.Rad1 Re8 13.Nf3 d5 14.exd5 exd5 15.Nxd5 Qa5
16.Bc3 Rxe2 17.Bxa5 Rxa2 18.Ne7+ Kh8 19.Bc3 Nf8 20.Nd4 Ng8 21.Bb1 Ra3 22.Bb4 Ra1
23.Nxc8 Rxc8 24.Nc2 Rxb1 25.Rxb1 Ne6 26.Ne3 Nd4 27.Rfd1 b5 28.Kf1 Nc6 29.Ba3 Nf6
30.cxb5 axb5 31.Rbc1 Ne8 32.Nd5 Na7 33.Rxc8 Nxc8 34.Rc1 Ncd6 35.Rc6 Bf8 36.Nc7 Nxc7
37.Rxc7 Kg7 38.Rd7 Ne4 39.Bb2+ Kg8 40.Rd8 b4 41.f3 Nc5 42.Bf6 h5 43.Be7 Ne6
44.Rb8  1-0

[Event "TCh-CRO 2a Liga 2013"]
[Site "Bol CRO"]
[Date "2013.09.19"]
[Round "6.2"]
[White "Rade,M"]
[Black "Vernacki,S"]
[Result "0-1"]
[WhiteElo "2440"]
[BlackElo "2336"]

1.e4 c5 2.Nf3 e6 3.d4 cxd4 4.Nxd4 a6 5.Bd3 Nf6 6.O-O d6 7.c4 Be7 8.Nc3 O-O
9.f4 Qc7 10.Qe2 Nbd7 11.Bd2 b6 12.Rae1 Bb7 13.Kh1 Rfd8 14.Nf3 Nf8 15.e5 N6d7
16.Be4 Bxe4 17.Nxe4 Ng6 18.Bb4 Nc5 19.Bxc5 dxc5 20.Nfg5 Bxg5 21.Nxg5 h6 22.Ne4 Ne7
23.Nd6 Nc8 24.Ne4 Ne7 25.Nd6 Nc8 26.Ne4 Ne7 27.Qf3 Rab8 28.Nd6 Nc8 29.f5 Nxd6
30.exd6 Rxd6 31.f6 g6 32.Qf4 g5 33.Qg3 Rc8 34.Re5 Rd4 35.h3 Kh8 36.Qe3 Rcd8
37.Re4 Rd1 38.Qf3 Rxf1+ 39.Qxf1 Qg3 40.Re2 Qd3 41.Kh2 Kg8 42.b3 Rd4 43.Qe1 Qf5
44.Qg3 Qxf6 45.Qb8+ Kg7 46.Qxb6 Qf4+ 47.g3 Qf1  0-1

[Event "TCh-CRO w Liga 2013"]
[Site "Bol CRO"]
[Date "2013.09.19"]
[Round "6.2"]
[White "Bazaj Bockai,S"]
[Black "Tomulic,V"]
[Result "1-0"]
[WhiteElo "2099"]
[BlackElo "1854"]

1.e4 c5 2.Nf3 e6 3.d4 cxd4 4.Nxd4 a6 5.Bd3 Nc6 6.Nxc6 dxc6 7.O-O e5 8.a4 Nf6
9.Nd2 Bg4 10.f3 Be6 11.Kh1 Be7 12.Nc4 Nd7 13.Bd2 Bxc4 14.Bxc4 Qc7 15.Qe1 O-O
16.a5 Rad8 17.Bc3 Bf6 18.Qg3 Rfe8 19.Qg4 Nc5 20.Rae1 Ne6 21.f4 Rd7 22.Bxe6 Rxe6
23.Rd1 Rxd1 24.Rxd1 exf4 25.Bxf6 Rxf6 26.b4 g6 27.Qd7 Qxd7 28.Rxd7 Re6 29.Kg1 Rxe4
30.Rxb7 Rc4 31.Rb6 Rxc2 32.Rxa6 g5 33.Ra8+ Kg7 34.Rd8 f6 35.Rd1 Rb2 36.Rd4 Kg6
37.Rc4 Kf5 38.a6 Ke5 39.a7 Ra2 40.Rc5+  1-0

[Event "Baku Open 2013"]
[Site "Baku AZE"]
[Date "2013.09.21"]
[Round "3.29"]
[White "Aghayev,M"]
[Black "Guliev,Sarh"]
[Result "1-0"]
[WhiteElo "2309"]
[BlackElo "2460"]

1.e4 c5 2.Nf3 e6 3.d4 cxd4 4.Nxd4 a6 5.Bd3 Nf6 6.O-O Qc7 7.Qe2 Nc6 8.Nxc6 dxc6
9.e5 Nd7 10.Bf4 b5 11.Nd2 Bb7 12.c4 b4 13.Rad1 Be7 14.Nf3 c5 15.Be4 h6 16.h4 O-O
17.h5 Rfd8 18.Rd2 Bxe4 19.Qxe4 Nb6 20.Rfd1 Rxd2 21.Rxd2 a5 22.g4 Rd8 23.b3 Rxd2
24.Bxd2 Qd7 25.Kf1 a4 26.Ke2 a3 27.g5 Bf8 28.Be3 Qc7 29.gxh6 gxh6 30.Nh2 Bg7
31.Ng4 Nd7 32.Bf4 Kh8 33.Kf1 Qb8 34.Kg2 Qf8 35.Qe3 f5 36.exf6 Nxf6 37.Qxe6 Nxh5
38.Bxh6 Bxh6 39.Qe5+ Bg7 40.Qxh5+ Kg8 41.Ne3 Qf4 42.Qf5 Qc7 43.Qe6+ Kh7 44.Nd5 Qb7
45.f4 Bd4 46.Qe7+ Qxe7 47.Nxe7  1-0